Patterns of Entrepreneurship Management (Record no. 5360)

MARC details
005 - DATE AND TIME OF LATEST TRANSACTION
control field 20250626133438.0
020 ## - INTERNATIONAL STANDARD BOOK NUMBER
International Standard Book Number 978-1-119-70306-8
082 ## - DEWEY DECIMAL CLASSIFICATION NUMBER
Classification number 658.1 KAP
100 ## - MAIN ENTRY--PERSONAL NAME
Author name KAPLAN, M
245 ## - TITLE STATEMENT
Title Patterns of Entrepreneurship Management
250 ## - EDITION STATEMENT
Edition statement 6th Ed.
260 ## - PUBLICATION, DISTRIBUTION, ETC.
Place of publication, distribution, etc. Hoboken
Name of publisher, distributor, etc. John & Wiley Sons, Inc.
Date of publication, distribution, etc. 2020.
300 ## - PHYSICAL DESCRIPTION
Extent xxix, 318p. : ill. ; figures
Other physical details Index
Dimensions 25cm
700 ## - ADDED ENTRY--PERSONAL NAME
Other authors/Editors Jack McGourty
942 ## - ADDED ENTRY ELEMENTS (KOHA)
Source of classification or shelving scheme Dewey Decimal Classification
Koha item type Books
Holdings
Date last seen Total checkouts Full call number Barcode Cost, replacement price Price effective from Koha item type Lost status Source of classification or shelving scheme Damaged status Not for loan Withdrawn status Home library Current library Shelving location Date acquired Source of acquisition Cost, normal purchase price
06/26/2025   658.1 KAP MZA0002247 938646.00 06/26/2025 Books   Dewey Decimal Classification       CBE Mwanza CBE Mwanza Special Reserve Collection 06/26/2024 Library Budget 312882.00
06/26/2025   658.1 KAP MZA0002248 938646.00 06/26/2025 Books   Dewey Decimal Classification       CBE Mwanza CBE Mwanza Special Reserve Collection 06/26/2024 Library Budget 312882.00